000 00819nam a22002177a 4500
005 20210325214847.0
008 s1993 eng d
041 _aeng
050 _aF 192.3 P43K 1993
100 0 _aFinnell, Jim
245 1 0 _aKidding around Washington, D.C. : a young person's guide [2nd]
260 3 _aSanta Fe, New Mixico :
_bJohn Muir Publications,
_c1993
300 _a63 p. :
_b ill. ;
_c 23 cm.
650 0 4 _aChildren -- Travel -- Washington (D.C.) -- Juvenile literature
650 0 4 _aWashington (D.C.) -- Guidebooks -- Juvenile literature
850 _aNALT
942 _cGB
997 _aG 3496
997 _c000000000077815
998 _aนางสาวอรุณทิพย์ จันทร์ดิษฐ์
999 _c77815
_d77815